000 00306nam a22001337a 4500
008 170904b xxu||||| |||| 00| 0 eng d
020 _a9780072488968
041 _aeng
080 _a070
100 _a40
101 _aMED
245 _aTHE DYNAMICS OF MASS COMMUNICATION
_cDOMINICK,J.R
942 _2udc
_cBK
999 _c25972
_d25972